00714nam a22001577a 4500003000900000008004100009040007100050082001900121100002600140245009600166260002800262300002800290505020900318650001600527650001300543AR-CdUCM190528b ||||| |||| 00| 0 spa d aMUNICIPALIDAD PROVINCIAL DEL CUSCOcBIBLIOTECA MUNICIPAL DEL CUSCO a923.85 /bAL36 aAlbornoz, Santiago E. aGeneral Ignacio Alvarez Thomas :bBiografía y hechos históricos 1857-20 de julio-1957 / aLima :bOficial,c1957. a112 páginas ;c25 cm. aContenido : Heroicidad combatiendo a invasores Ingleses -- Ilustre prócer y protector de la independencia de Hispano-América -- Director supremo de la provincias unidas del Río de plata (Argentina). aBiografía aHistoria